Movies by Tom Holland - Statistics

General Stats
  • This quiz has been taken 10 times
  • The average score is 11 of 24
Answer Stats
Picture Hint Answer % Correct
2026 Spider-Man: Brand New Day
100%
2021 Spider-Man: No Way Home
88%
2026 The Odyssey
88%
2019 Avengers: Endgame
75%
2018 Avengers: Infinity War
75%
2019 Spider-Man: Far From Home
75%
2017 Spider-Man: Homecoming
75%
2022 Uncharted
75%
2016 Captain America: Civil War
63%
2020 Onward
63%
2021 Venom: Let There Be Carnage
63%
2021 Cherry
38%
2020 Dolittle
38%
2019 Spies in Disguise
38%
2020 The Devil All the Time
38%
2012 The Impossible
25%
2016 The Lost City of Z
25%
2021 Chaos Walking
13%
2016 Edge of Winter
13%
2013 How I Live Now
13%
2015 In the Heart of the Sea
13%
2013 Locke
13%
2017 Pilgrimage
13%
2017 The Current War
13%
No matching quizzes found
Score Distribution
Percent of People with Each Score
Percentile by Number Answered
Your Score History
You have not taken this quiz